[Event "Moscow op (Women)"]
[Site "Moscow"]
[Date "2012.02.04"]
[Round "8"]
[White "Tischenko, Ekaterina"]
[Black "Polyanskaya, Natalia"]
[Result "0-1"]
[WhiteElo "1758"]
[BlackElo "1910"]
[PlyCount "124"]
[EventDate "2012.01.28"]
[EventType "swiss"]
[EventRounds "9"]
[EventCountry "RUS"]
[SourceTitle "CBM 146 Extra"]
[Source "ChessBase"]
[SourceDate "2012.02.29"]
[SourceVersion "1"]
[SourceVersionDate "2012.02.29"]
[SourceQuality "1"]

1. e4 e5 2. Nf3 Nc6 3. Bb5 a6 4. Ba4 d6 5. 0-0 Bd7 6. Nc3 g6 7. d3 Bg7 8. Be3 Nf6 9. Qd2 0-0 10. Bh6 Bg4 11. Bxg7 Kxg7 12. Qe3 Nh5 13. Ne2 Qf6 14. Bxc6 bxc6 15. h3 Bxf3 16. Qxf3 Qxf3 17. gxf3 c5 18. Kh2 Rab8 19. b3 a5 20. a4 c6 21. Rg1 Kf6 22. Rg4 Ke6 23. Rf1 Rbe8 24. f4 Nxf4 25. Nxf4+ exf4 26. Rxf4 Ke5 27. Rg4 Kd4 28. f3 Kc3 29. Rf2 f5 30. Rgg2 Re7 31. Re2 fxe4 32. fxe4 Ref7 33. e5 d5 34. e6 Re7 35. Rg1 Rf6 36. Rge1 c4 37. dxc4 dxc4 38. bxc4 Kb4 39. Re5 Kxa4 40. Ra1+ Kb4 41. Rexa5 Rexe6 42. R5a4+ Kc3 43. R1a2 h6 44. Kg3 Re3+ 45. Kg4 Re4+ 46. Kg3 Rxc4 47. R4a3+ Kd4 48. Rd3+ Kc5 49. c3 Kb6 50. Rb2+ Kc7 51. Re2 Rc5 52. Re4 Rg5+ 53. Rg4 Rxg4+ 54. Kxg4 Kb6 55. Rd4 Kc5 56. Re4 Kd5 57. Rd4+ Ke5 58. h4 c5 59. Ra4 Kd5 60. c4+ Kd4 61. h5 g5 62. Kg3 Kc3 0-1

[Event "Moscow op (Women)"]
[Site "Moscow"]
[Date "2012.02.02"]
[Round "6"]
[White "Smirnova, Anastasia"]
[Black "Polyanskaya, Natalia"]
[Result "1/2-1/2"]
[WhiteElo "2079"]
[BlackElo "1910"]
[PlyCount "72"]
[EventDate "2012.01.28"]
[EventType "swiss"]
[EventRounds "9"]
[EventCountry "RUS"]
[SourceTitle "CBM 146 Extra"]
[Source "ChessBase"]
[SourceDate "2012.02.29"]
[SourceVersion "1"]
[SourceVersionDate "2012.02.29"]
[SourceQuality "1"]

1. d4 Nf6 2. Nf3 e6 3. c4 c5 4. d5 b5 5. e4 Nxe4 6. Bd3 Nf6 7. Bg5 h6 8. Bxf6 Qxf6 9. Nc3 b4 10. Nb5 Na6 11. 0-0 g5 12. dxe6 fxe6 13. Be4 Rb8 14. Qa4 Be7 15. Nxa7 Nc7 16. Nxc8 Rxc8 17. Bg6+ Kf8 18. Qxd7 Kg7 19. Bh5 Rhd8 20. Qa4 Qxb2 21. Rab1 Qf6 22. h3 Ne8 23. Bxe8 Rxe8 24. Rbd1 h5 25. Nd2 g4 26. Ne4 Qf4 27. Qc2 Rcd8 28. Rxd8 Rxd8 29. h4 Rd4 30. Re1 Qf5 31. g3 Kf7 32. Qe2 Rd7 33. Qe3 Rd4 34. Qe2 Rd7 35. Qe3 Rd4 36. Qe2 Rd7 1/2-1/2

[Event "Moscow op (Women)"]
[Site "Moscow"]
[Date "2012.01.31"]
[Round "4"]
[White "Chistyakova, Daria"]
[Black "Polyanskaya, Natalia"]
[Result "1/2-1/2"]
[WhiteElo "1652"]
[BlackElo "1910"]
[PlyCount "36"]
[EventDate "2012.01.28"]
[EventType "swiss"]
[EventRounds "9"]
[EventCountry "RUS"]
[SourceTitle "CBM 146 Extra"]
[Source "ChessBase"]
[SourceDate "2012.02.29"]
[SourceVersion "1"]
[SourceVersionDate "2012.02.29"]
[SourceQuality "1"]

1. e4 e5 2. d4 exd4 3. Qxd4 Nc6 4. Qe3 Bb4+ 5. Nc3 d6 6. Bc4 Nf6 7. Bd2 0-0 8. 0-0-0 Re8 9. f3 Be6 10. Bd3 Ne5 11. h4 c6 12. g4 Qa5 13. a3 Bxa3 14. bxa3 Qxa3+ 15. Kb1 Qb4+ 16. Kc1 Qa3+ 17. Kb1 Qb4+ 18. Kc1 Qa3+ 1/2-1/2

[Event "Moscow-ch U18"]
[Site "Moscow"]
[Date "2010.12.09"]
[Round "9"]
[White "Markevich, Arseniy"]
[Black "Polyanskaya, Natalia"]
[Result "1-0"]
[WhiteElo "2014"]
[BlackElo "1905"]
[PlyCount "111"]
[EventDate "2010.11.21"]
[EventType "swiss"]
[EventRounds "9"]
[EventCountry "RUS"]
[SourceTitle "EXT 2012"]
[Source "ChessBase"]
[SourceDate "2011.11.24"]
[SourceVersion "1"]
[SourceVersionDate "2011.11.24"]
[SourceQuality "1"]

1. h4 e5 2. h5 h6 3. a4 Nf6 4. a5 a6 5. b3 Bc5 6. e3 d6 7. Bb2 Nc6 8. d4 exd4 9. exd4 Qe7+ 10. Be2 Ba7 11. Nf3 Bg4 12. Nbd2 0-0 13. Rh4 Rfe8 14. Ra4 Bxh5 15. d5 Bxf3 16. Nxf3 Ne5 17. Kf1 Nxf3 18. Bxf3 Nh7 19. Rae4 Qd7 20. Reg4 Ng5 21. Be2 f5 22. Rb4 Ne4 23. Bh5 Re7 24. Bd4 Bxd4 25. Qxd4 g5 26. Rh3 g4 27. Rh4 Rg7 28. Bxg4 fxg4 29. Rxb7 Qf5 30. Qe3 Rf8 31. f3 gxf3 32. gxf3 Ng3+ 33. Ke1 Qxf3 34. Qe6+ Qf7 35. Qxh6 Qf1+ 36. Kd2 Ne4+ 37. Rxe4 Rg2+ 38. Kc3 Qa1+ 39. Kb4 Qf6 40. Qxf6 Rxf6 41. Rxc7 Rf8 42. Re6 Rb8+ 43. Ka4 Rg1 44. Ka3 Ra1+ 45. Kb2 Rxa5 46. Rxd6 Rab5 47. Kc3 a5 48. Kd4 a4 49. bxa4 Ra5 50. Rg6+ Kf8 51. Rh6 Kg8 52. d6 Rxa4+ 53. c4 Ra1 54. d7 Rd1+ 55. Kc5 Rd8 56. Rd6 1-0

[Event "Moscow op-C (Women)"]
[Site "Moscow"]
[Date "2010.02.07"]
[Round "9.54"]
[White "Paramzina, Anastasya"]
[Black "Polyanskaya, Natalia"]
[Result "0-1"]
[WhiteElo "1708"]
[BlackElo "1952"]
[PlyCount "88"]
[EventDate "2010.01.30"]
[EventType "swiss"]
[EventRounds "9"]
[EventCountry "RUS"]
[SourceTitle "EXT 2023"]
[Source "ChessBase"]
[SourceDate "2022.10.05"]
[SourceVersion "1"]
[SourceVersionDate "2022.10.05"]
[SourceQuality "1"]

1. e4 e5 2. Nf3 Nc6 3. Bb5 a6 4. Ba4 d6 5. d4 b5 6. Bb3 Nxd4 7. Nxd4 exd4 8. Bd5 Rb8 9. Qxd4 Bd7 10. a4 c6 11. Ba2 c5 12. Qd5 c4 13. axb5 axb5 14. 0-0 Nf6 15. Qd4 Ra8 16. Bf4 Ra6 17. b3 Qa8 18. Nd2 Be7 19. bxc4 Rxa2 20. Rxa2 Qxa2 21. Ra1 Qxc2 22. Bxd6 Bd8 23. Qe5+ Be6 24. Qxb5+ Nd7 25. Qb4 f6 26. h3 Kf7 27. Ra8 Re8 28. c5 g6 29. Ra6 Be7 30. c6 Nb8 31. Ra3 Nxc6 32. Qc3 Qxc3 33. Rxc3 Bxd6 34. Rxc6 Rd8 35. g4 Bf4 36. Nf3 Rd1+ 37. Kg2 Rb1 38. Nd4 Bd7 39. Rc5 Rb4 40. Ne2 Bd6 41. Rd5 Ke7 42. Nc3 Bc6 43. Rd2 Bxe4+ 44. Kf1 Bc6 0-1

[Event "Moscow op (Women)"]
[Site "Moscow"]
[Date "2009.02.06"]
[Round "7"]
[White "Nagornaya, Polina"]
[Black "Polyanskaya, Natalia"]
[Result "1-0"]
[WhiteElo "1907"]
[BlackElo "1400"]
[PlyCount "117"]
[EventDate "2009.01.31"]
[EventType "swiss"]
[EventRounds "9"]
[EventCountry "RUS"]
[SourceTitle "EXT 2012"]
[Source "ChessBase"]
[SourceDate "2011.11.24"]
[SourceVersion "1"]
[SourceVersionDate "2011.11.24"]
[SourceQuality "1"]

1. e4 e5 2. Nf3 Nc6 3. Bb5 a6 4. Ba4 d6 5. 0-0 Bd7 6. c3 Nf6 7. Re1 g6 8. d4 Qe7 9. Bg5 Bg7 10. Nbd2 h6 11. Bh4 0-0 12. h3 Qe8 13. Bc2 Nh5 14. dxe5 dxe5 15. Nc4 g5 16. Bg3 Nxg3 17. fxg3 g4 18. Nh4 gxh3 19. Bb3 Be6 20. gxh3 Rd8 21. Qe2 Qe7 22. Ne3 Qg5 23. Kg2 Ne7 24. Bxe6 fxe6 25. Rad1 Ng6 26. Nxg6 Qxg6 27. Qg4 Qf7 28. Rf1 Qe7 29. Rxf8+ Rxf8 30. Qe2 Kh7 31. Rf1 Qg5 32. h4 Qd8 33. Rxf8 Qxf8 34. Qd3 Qe7 35. Ng4 h5 36. Nf2 Bh6 37. Qf3 Qe8 38. Qf6 Bg7 39. Qg5 Qg6 40. Qe7 Kh6 41. Qxc7 Bf6 42. Kh2 b5 43. Qb6 Qf7 44. Qe3+ Kg7 45. Nh3 Kf8 46. Nf2 Bg7 47. Kg2 Bf6 48. Nd3 Be7 49. Qf3 Bd6 50. Qxf7+ Kxf7 51. Kf3 Kf6 52. g4 hxg4+ 53. Kxg4 Kg6 54. b3 Bc7 55. h5+ Kh6 56. Nc5 Ba5 57. c4 bxc4 58. bxc4 Bc7 59. Nxa6 1-0

[Event "Moscow op (Women)"]
[Site "Moscow"]
[Date "2009.02.03"]
[Round "4"]
[White "Butuc, Maria"]
[Black "Polyanskaya, Natalia"]
[Result "1-0"]
[WhiteElo "2182"]
[BlackElo "1400"]
[PlyCount "113"]
[EventDate "2009.01.31"]
[EventType "swiss"]
[EventRounds "9"]
[EventCountry "RUS"]
[SourceTitle "EXT 2012"]
[Source "ChessBase"]
[SourceDate "2011.11.24"]
[SourceVersion "1"]
[SourceVersionDate "2011.11.24"]
[SourceQuality "1"]

1. e4 e5 2. Nf3 Nc6 3. Bb5 a6 4. Ba4 d6 5. c3 Bd7 6. d4 Qe7 7. d5 Nb8 8. Bxd7+ Nxd7 9. c4 Ngf6 10. Nc3 Nc5 11. Qe2 a5 12. b3 g6 13. Rb1 Bg7 14. a3 Nh5 15. g3 0-0 16. b4 axb4 17. axb4 Na6 18. 0-0 h6 19. Bd2 Nf6 20. Ne1 Nh7 21. Nd3 Rae8 22. b5 Nc5 23. Nxc5 dxc5 24. b6 f5 25. bxc7 Qxc7 26. f3 f4 27. g4 h5 28. h3 Qe7 29. Qg2 hxg4 30. hxg4 Ng5 31. Kf2 Kf7 32. Rh1 Rh8 33. Rxh8 Rxh8 34. Rh1 Qd8 35. Ke2 Qa5 36. Rxh8 Bxh8 37. Qh1 Bf6 38. Qb1 Qa8 39. Qb6 Bd8 40. Qxc5 Ba5 41. Nb1 Bxd2 42. Nxd2 Qd8 43. Qb5 Qc8 44. c5 Kg8 45. Qb6 Kh8 46. Qf6+ Kh7 47. Qxg5 Qxc5 48. Qxe5 Qe3+ 49. Kd1 Qg1+ 50. Kc2 Qc5+ 51. Qc3 Qb5 52. Qc7+ Kg8 53. Qc4 Qd7 54. d6+ Kf8 55. e5 g5 56. Ne4 b5 57. Qc7 1-0

[Event "Moscow op (Women)"]
[Site "Moscow"]
[Date "2009.02.02"]
[Round "3"]
[White "Polyanskaya, Natalia"]
[Black "Khropova, Larisa"]
[Result "1-0"]
[WhiteElo "1400"]
[BlackElo "2060"]
[PlyCount "139"]
[EventDate "2009.01.31"]
[EventType "swiss"]
[EventRounds "9"]
[EventCountry "RUS"]
[SourceTitle "EXT 2012"]
[Source "ChessBase"]
[SourceDate "2011.11.24"]
[SourceVersion "1"]
[SourceVersionDate "2011.11.24"]
[SourceQuality "1"]

1. e4 d6 2. d4 Nf6 3. Nc3 g6 4. Nf3 Bg7 5. h3 0-0 6. Bc4 Nc6 7. Bb3 b6 8. 0-0 Ba6 9. Re1 e5 10. Ba4 Nxd4 11. Nxd4 exd4 12. Qxd4 Bb7 13. Qd3 a6 14. Bg5 h6 15. Bh4 b5 16. Bb3 g5 17. Bg3 Nd7 18. Qe2 Nc5 19. Bd5 c6 20. Bb3 Qc7 21. Rad1 Rad8 22. h4 a5 23. a3 b4 24. axb4 axb4 25. Nb1 Nxb3 26. cxb3 c5 27. Nd2 Rfe8 28. Qh5 gxh4 29. Qxh4 Qe7 30. Qh5 Qe6 31. Nc4 Bd4 32. Bf4 Kh7 33. Nxd6 Rxd6 34. Bxd6 Rg8 35. Bf4 Rg6 36. g3 Qxb3 37. Qf5 Kg8 38. Be3 Qxb2 39. Bxd4 cxd4 40. Qd7 Bc6 41. Qxd4 Qxd4 42. Rxd4 b3 43. Rb4 Re6 44. Rxb3 Bxe4 45. Rbe3 Bd5 46. Rxe6 fxe6 47. f4 Kf7 48. Re5 Bc4 49. Kg2 Kf6 50. Kh3 Bd3 51. Kh4 Bg6 52. g4 Bc2 53. Kh5 Bd1 54. Rc5 Bf3 55. Rc8 Kg7 56. Rc7+ Kf6 57. Rh7 Bd5 58. Rxh6+ Kg7 59. Kg5 Bc4 60. Rh2 Bd5 61. Rc2 Bf3 62. Rc7+ Kg8 63. Kg6 Kf8 64. Kf6 Ke8 65. g5 Bg4 66. g6 Kd8 67. Ra7 Bf5 68. g7 Bh7 69. Kxe6 Bg8+ 70. Kd6 1-0

[Event "Moscow op (Women)"]
[Site "Moscow"]
[Date "2009.02.01"]
[Round "2"]
[White "Severina, Maria"]
[Black "Polyanskaya, Natalia"]
[Result "0-1"]
[WhiteElo "1940"]
[BlackElo "1400"]
[PlyCount "96"]
[EventDate "2009.01.31"]
[EventType "swiss"]
[EventRounds "9"]
[EventCountry "RUS"]
[SourceTitle "EXT 2012"]
[Source "ChessBase"]
[SourceDate "2011.11.24"]
[SourceVersion "1"]
[SourceVersionDate "2011.11.24"]
[SourceQuality "1"]

1. d4 Nf6 2. c4 c5 3. d5 b5 4. cxb5 a6 5. bxa6 Bxa6 6. Nc3 g6 7. e4 Bxf1 8. Kxf1 d6 9. g3 Bg7 10. Kg2 0-0 11. Nf3 Nbd7 12. Qc2 Ng4 13. Bd2 Nge5 14. Nxe5 Nxe5 15. Nd1 e6 16. f4 Nd7 17. Ne3 Nb6 18. dxe6 fxe6 19. Bc3 Bxc3 20. Qxc3 Ra4 21. Ng4 h5 22. Nf2 Rc4 23. Qb3 d5 24. exd5 exd5 25. a4 Kh7 26. a5 Rb4 27. Qd3 Nc4 28. Rhc1 Re8 29. Re1 Rxb2 30. f5 Rd2 31. fxg6+ Kh6 32. Qc3 Rf8 33. Rf1 Kxg6 34. Kg1 Qg5 35. Rae1 Kh7 36. a6 Qg7 37. Qxg7+ Kxg7 38. Nh3 Rxf1+ 39. Rxf1 Ra2 40. Nf4 Kh6 41. Ne6 Ne3 42. Rf6+ Kh7 43. Nxc5 Rg2+ 44. Kh1 Rc2 45. Nd3 Ra2 46. Kg1 Ra1+ 47. Kf2 Ng4+ 48. Ke2 Nxf6 0-1